| 000 | 00490nam a22001811c 4500 | ||
|---|---|---|---|
| 001 | a987655094 | ||
| 008 | 070221s2006 gw |||| 000u rus d | ||
| 020 |
_a590068508x _95-900685-08-x |
||
| 041 | _arus | ||
| 100 | 1 | _aChomjakova, Ljubov' I. | |
| 245 | 0 | 0 | _aEdinaja platežnaja sistema stran Evropejskogo Sojuza |
| 264 |
_aBrjansk : _bLadomir, _c2006 |
||
| 300 | _a140 S. | ||
| 700 | 1 |
_aKrasavina, Lidija N. _eHerausgeberIn |
|
| 942 | _cMG | ||
| 040 | _cRU-10907106 | ||
| 003 | RU-10907106 | ||
| 999 |
_c14866 _d14866 |
||